| 000 | 02365cam a2200553Ia 4500 | ||
|---|---|---|---|
| 001 | 88076 | ||
| 005 | 20230410103652.0 | ||
| 008 | 070126s2006 mx a b 000 0 spa d | ||
| 035 | _a(OCoLC)ocm80181940 | ||
| 040 |
_aUIA _bspa _cUIA _dSAP _dOCLCQ _dYDXCP _dBAKER |
||
| 020 | _a9707752238 | ||
| 020 | _a9789707752238 | ||
| 035 | _a(OCoLC)80181940 | ||
| 041 | 1 |
_aspa _heng |
|
| 043 | _ae-gx--- | ||
| 050 | 1 | 4 |
_a302 DD 253.6 _bA427h 2006 |
| 082 | 0 | 0 | _a940.53185 |
| 049 | _aGRAL | ||
| 100 | 1 | _aAllen, Miichael Thad. | |
| 245 | 1 | 0 |
_aHitler y sus verdugos : _besclavitud y asesinato en los campos de concentración nazis / _cMichael Thad Allen ; [traducción, Graciela Frisbie]. |
| 260 |
_aMéxico, D.F. : _bGrupo Editorial Tomo, _c2006. |
||
| 300 |
_axxxvi, 440 p. : _bil. ; _c23 cm. |
||
| 500 | _aTraducción de: Hitler's slave lords. | ||
| 504 | _aIncluye notas bibliográficas: p. [361]-440. | ||
| 650 | 0 |
_aWorld War, 1939-1945 _xConscript labor _zGermany. |
|
| 650 | 0 |
_aWorld War, 1939-1945 _xConcentration camps _zGermany. |
|
| 650 | 0 |
_aGenocide _zGermany _xHistory _y20th century. |
|
| 650 | 0 | _aHolocaust, Jewish (1939-1945) | |
| 650 | 0 |
_aForced labor _zGermany _xHistory _y20th century. |
|
| 650 | 0 |
_aHolocaust, Jewish (1939-1945) _zGermany. |
|
| 650 | 4 |
_aGuerra mundial, 1939-1945 _xTrabajo de conscriptos _xAlemania. |
|
| 650 | 4 |
_aGuerra mundial, 1939-1945 _xCampos de concentraciâon _zAlemania. |
|
| 650 | 7 |
_aCampos de concentración _zAlemania. _2bidex |
|
| 650 | 7 |
_aGuerra Mundial II, 1939-1945 _zAlemania. _2bidex |
|
| 650 | 4 |
_aGenocidio _zAlemania _xHistoria _ySiglo XX. |
|
| 650 | 7 |
_aGenocidio _zAlemania _xHistoria _ySiglo XX. _2bidex |
|
| 650 | 4 | _aHolocausto judio (1939-1945) | |
| 650 | 7 |
_aHolocausto judio (1939-1945) _2bidex |
|
| 650 | 4 |
_aTrabajos forzados _zAlemania _xHistoria _ySiglo XX. |
|
| 650 | 7 |
_aTrabajos forzados _zAlemania _xHistoria _ySiglo XX. _2bidex |
|
| 650 | 4 |
_aHolocausto judío (1939-1945) _zAlemania. |
|
| 650 | 7 |
_aHolocausto judío (1939-1945) _zAlemania. _2bidex |
|
| 700 | 1 | _aFrisbie, Graciela. | |
| 856 | 4 | 1 | _ahttp://site.ebrary.com/lib/uisantafe/Doc?id=10026308$$zAn electronic book accessible through the World Wide Web; click to view |
| 938 |
_aYBP Library Services _bYANK _n2759952 |
||
| 938 |
_aBaker & Taylor _bBKTY _c47.95 _d43.16 _i9707752238 _n0007605446 _sactive |
||
| 942 |
_2lcc _cbk |
||
| 994 |
_aC0 _bDRFGD |
||
| 999 |
_c23608 _d23608 |
||